000 00677nam a2200241Ia 4500
003 OSt
005 20220918222505.0
006 a|||||r|||| 00| 0
007 ta
008 220917b |||||||| |||| 00| 0 eng d
024 _a217,092
037 _cTextual
040 _aARTS
_cARTS
_beng
041 _2eng
_aeng
082 _aZ2:(Q), P1
100 _aLarson Gerald James Ed.
_9143324
245 0 _aReligion and personal law in secular India
_b a call to judgement
260 _aUSA
_bIndiana Univ. Press
_c2001
300 _aviii, 362p
_ccm.
650 _aLAW
_97240
942 _hZ2:(Q), P1
_cTEXL
_2CC
999 _c275709
_d275709